[Event "Erfurt op-B 29th"]
[Site "Erfurt"]
[Date "2019.12.30"]
[Round "8"]
[White "Von Otte, Wilhelm"]
[Black "Moses, Selina"]
[Result "1-0"]
[WhiteElo "2119"]
[BlackElo "1861"]
[PlyCount "51"]
[EventDate "2019.12.26"]
[EventType "swiss"]
[EventRounds "8"]
[EventCountry "GER"]
[SourceTitle "EXT 2021"]
[Source "ChessBase"]
[SourceDate "2020.10.23"]
[SourceVersion "1"]
[SourceVersionDate "2020.10.23"]
[SourceQuality "1"]

1. e4 c5 2. c3 d5 3. exd5 Qxd5 4. Nf3 Nf6 5. Na3 Nc6 6. Bc4 Qd8 7. 0-0 e6 8. Re1 Be7 9. Nc2 0-0 10. a4 b6 11. d4 Bb7 12. Bf4 cxd4 13. Ncxd4 Nxd4 14. Nxd4 Nd5 15. Bg3 Bc5 16. Nb3 Bd6 17. Qe2 Bxg3 18. hxg3 Qg5 19. a5 Rfc8 20. a6 Bc6 21. Nd4 Be8 22. Nf3 Qh5 23. Rad1 Rc5 24. g4 Qxg4 25. Bxd5 Bb5 26. Bxa8 1-0

[Event "Erfurt op-B 29th"]
[Site "Erfurt"]
[Date "2019.12.29"]
[Round "7"]
[White "Moses, Selina"]
[Black "Bajorski, Leszek"]
[Result "1-0"]
[WhiteElo "1861"]
[BlackElo "1950"]
[PlyCount "75"]
[EventDate "2019.12.26"]
[EventType "swiss"]
[EventRounds "8"]
[EventCountry "GER"]
[SourceTitle "EXT 2021"]
[Source "ChessBase"]
[SourceDate "2020.10.23"]
[SourceVersion "1"]
[SourceVersionDate "2020.10.23"]
[SourceQuality "1"]

1. e4 c6 2. d4 d5 3. Nc3 dxe4 4. Nxe4 Bf5 5. Ng3 Bg6 6. h4 h6 7. Nf3 Nd7 8. h5 Bh7 9. Bd3 Bxd3 10. Qxd3 e6 11. Bd2 Ngf6 12. 0-0-0 Be7 13. Ne4 Nxe4 14. Qxe4 Nf6 15. Qe2 Qd5 16. c4 Qe4 17. Qxe4 Nxe4 18. Be3 f6 19. Nh4 Kf7 20. Ng6 Rhd8 21. b3 c5 22. Nxe7 cxd4 23. Bxd4 Kxe7 24. Rhe1 Nd6 25. Bc5 b6 26. Ba3 e5 27. f4 Ke6 28. g4 Rac8 29. Kb1 b5 30. fxe5 fxe5 31. Rd5 bxc4 32. Rexe5+ Kf6 33. Re1 Rc6 34. Bxd6 Kf7 35. Rf5+ Kg8 36. Ba3 c3 37. Rc5 Ra6 38. Bc1 1-0

[Event "BL2 Ost 1718 (Women)"]
[Site "Germany"]
[Date "2018.01.27"]
[Round "4.2"]
[White "Moses, Selina"]
[Black "Hartewig, Anja"]
[Result "1-0"]
[WhiteElo "1920"]
[BlackElo "1779"]
[PlyCount "49"]
[EventDate "2017.10.14"]
[EventType "team-tourn"]
[EventRounds "7"]
[EventCountry "GER"]
[SourceTitle "EXT 2019"]
[Source "ChessBase"]
[SourceDate "2018.10.10"]
[SourceVersion "1"]
[SourceVersionDate "2018.10.10"]
[SourceQuality "1"]
[WhiteTeam "Coswig TuS (W)"]
[BlackTeam "Chemnitz Aufbau (W)"]
[WhiteTeamCountry "GER"]
[BlackTeamCountry "GER"]

1. e4 d6 2. d4 Nf6 3. Nc3 g6 4. f4 Bg7 5. Nf3 c5 6. Bb5+ Bd7 7. e5 Ng4 8. e6 Bxb5 9. exf7+ Kf8 10. Nxb5 Qa5+ 11. Nc3 Nc6 12. d5 Nd4 13. Ng5 Nh6 14. 0-0 Nxf7 15. Nxf7 Kxf7 16. Ne4 Raf8 17. c3 Nf5 18. Qe2 h5 19. Ng5+ Ke8 20. Qe6 Qb6 21. Qxg6+ Kd7 22. Nf7 Nh4 23. Qe6+ Ke8 24. Nxh8 Rxh8 25. g3 1-0

[Event "GER-chT U20"]
[Site "Duesseldorf"]
[Date "2017.12.29"]
[Round "5.5"]
[White "Moses, Selina"]
[Black "Perekhozhuk, Maksym"]
[Result "0-1"]
[WhiteElo "1935"]
[BlackElo "1942"]
[PlyCount "48"]
[EventDate "2017.12.27"]
[EventType "team-swiss"]
[EventRounds "7"]
[EventCountry "GER"]
[SourceTitle "CBM 182 Extra"]
[Source "ChessBase"]
[SourceDate "2018.02.23"]
[SourceVersion "1"]
[SourceVersionDate "2018.02.23"]
[SourceQuality "1"]
[WhiteTeam "Coswig U20"]
[BlackTeam "Halle USV U20"]
[WhiteTeamCountry "GER"]
[BlackTeamCountry "GER"]

1. e4 c5 2. Nf3 d6 3. d4 cxd4 4. Nxd4 Nf6 5. Nc3 g6 6. Be3 Bg7 7. f3 0-0 8. Qd2 Nc6 9. Bc4 Bd7 10. 0-0-0 Rb8 11. Bb3 Na5 12. Bh6 Bxh6 13. Qxh6 b5 14. h4 e5 15. Nde2 b4 16. Nd5 Nxb3+ 17. axb3 Nxd5 18. exd5 Rb6 19. Ng3 Ra6 20. Ne4 f6 21. g4 Qb6 22. h5 Ra1+ 23. Kd2 Qd4+ 24. Ke2 Bb5+ 0-1

[Event "GER-chT U20"]
[Site "Duesseldorf"]
[Date "2017.12.28"]
[Round "3.5"]
[White "Moses, Selina"]
[Black "Ignatov, Dmitriy"]
[Result "1/2-1/2"]
[WhiteElo "1935"]
[BlackElo "1759"]
[PlyCount "115"]
[EventDate "2017.12.27"]
[EventType "team-swiss"]
[EventRounds "7"]
[EventCountry "GER"]
[SourceTitle "CBM 182 Extra"]
[Source "ChessBase"]
[SourceDate "2018.02.23"]
[SourceVersion "1"]
[SourceVersionDate "2018.02.23"]
[SourceQuality "1"]
[WhiteTeam "Coswig U20"]
[BlackTeam "Heilbronn U20"]
[WhiteTeamCountry "GER"]
[BlackTeamCountry "GER"]

1. e4 c6 2. d4 d5 3. Nc3 dxe4 4. Nxe4 Bf5 5. Ng3 Bg6 6. h4 h6 7. Nf3 Nd7 8. h5 Bh7 9. Bd3 Bxd3 10. Qxd3 Ngf6 11. Bd2 Qc7 12. 0-0-0 e6 13. Kb1 0-0-0 14. Ne4 Nxe4 15. Qxe4 Nf6 16. Qe2 Bd6 17. c4 c5 18. Bc3 Rhe8 19. Ne5 Kb8 20. dxc5 Bxc5 21. Nf3 Ka8 22. Nd4 Qb6 23. Nb3 Rxd1+ 24. Rxd1 Bxf2 25. Qd3 a6 26. Bxf6 gxf6 27. Qd7 Qc6 28. Qxf7 Bh4 29. Qd7 Qxd7 30. Rxd7 Rc8 31. Re7 e5 32. c5 Kb8 33. Re6 Bg5 34. Kc2 Rc6 35. Rxc6 bxc6 36. Kd3 f5 37. Na5 Kc7 38. Nc4 e4+ 39. Ke2 Kd7 40. Ne5+ Kc7 41. Nf7 Bc1 42. Nd6 Bxb2 43. Nxf5 Bc1 44. Nd6 Ba3 45. Nxe4 Kd7 46. Kd3 Ke6 47. Kc4 Kf5 48. Nf2 Bc1 49. g4+ Kg5 50. Kd4 Bb2+ 51. Ke4 Ba3 52. Ke5 Bb2+ 53. Kd6 Bd4 54. Nd3 Kxg4 55. Kxc6 Kxh5 56. Kd5 Bxc5 57. Nxc5 Kg4 58. Ke4 1/2-1/2

[Event "GER-chT U20"]
[Site "Duesseldorf"]
[Date "2017.12.27"]
[Round "1.5"]
[White "Moses, Selina"]
[Black "Arndt, Magnus"]
[Result "1-0"]
[WhiteElo "1935"]
[BlackElo "2062"]
[PlyCount "109"]
[EventDate "2017.12.27"]
[EventType "team-swiss"]
[EventRounds "7"]
[EventCountry "GER"]
[SourceTitle "CBM 182 Extra"]
[Source "ChessBase"]
[SourceDate "2018.02.23"]
[SourceVersion "1"]
[SourceVersionDate "2018.02.23"]
[SourceQuality "1"]
[WhiteTeam "Coswig U20"]
[BlackTeam "Kiel Doppelbauer U20"]
[WhiteTeamCountry "GER"]
[BlackTeamCountry "GER"]

1. e4 e5 2. Nf3 Nc6 3. Nc3 Nf6 4. d4 exd4 5. Nxd4 Bb4 6. Nxc6 bxc6 7. Bd3 0-0 8. 0-0 Re8 9. Qf3 Rb8 10. Bg5 Bd6 11. Bxf6 Qxf6 12. Qxf6 gxf6 13. Nd1 c5 14. f3 c6 15. Rb1 Be5 16. f4 Bd4+ 17. Kh1 c4 18. Bxc4 Rxe4 19. Bd3 Re7 20. c3 Bb6 21. b3 d5 22. Nb2 Bd7 23. Na4 Re3 24. Nxb6 axb6 25. Rbd1 Rbe8 26. Kg1 c5 27. Kf2 Bc6 28. Rfe1 d4 29. cxd4 cxd4 30. Rxe3 dxe3+ 31. Ke2 h5 32. g3 Kg7 33. a4 Bd7 34. Be4 Be6 35. Bd5 Bg4+ 36. Bf3 Bc8 37. b4 Be6 38. Rd4 h4 39. Re4 hxg3 40. hxg3 Rc8 41. Rxe3 Rc2+ 42. Kd3 Rb2 43. b5 Rb3+ 44. Kd2 Rb2+ 45. Kc1 Ra2 46. Bd1 Ra1+ 47. Kd2 Ra2+ 48. Kc3 Kf8 49. Bb3 Bxb3 50. Kxb3 Rg2 51. Kb4 Rb2+ 52. Rb3 Re2 53. a5 Re4+ 54. Ka3 bxa5 55. b6 1-0

[Event "GER-ch U18 Girls"]
[Site "Willingen"]
[Date "2017.06.04"]
[Round "2"]
[White "Schumann, Rabea"]
[Black "Moses, Selina"]
[Result "1-0"]
[WhiteElo "1816"]
[BlackElo "1865"]
[PlyCount "65"]
[EventDate "2017.06.04"]
[EventType "swiss"]
[EventRounds "9"]
[EventCountry "GER"]
[SourceTitle "CBM 178 Extra"]
[Source "ChessBase"]
[SourceDate "2017.06.22"]
[SourceVersion "1"]
[SourceVersionDate "2017.06.22"]
[SourceQuality "1"]

1. c4 Nf6 2. Nc3 g6 3. g3 d5 4. cxd5 Nxd5 5. Bg2 Nb6 6. Nf3 Bg7 7. 0-0 Nc6 8. Rb1 0-0 9. a3 e5 10. Qc2 Be6 11. b4 Qe7 12. Bb2 Rfd8 13. d3 Nd4 14. Nxd4 exd4 15. Ne4 c6 16. Qc5 Qd7 17. Qg5 Nd5 18. Nc5 Qc8 19. Rfc1 h6 20. Qd2 Bf5 21. Rc2 Qc7 22. Rbc1 Qe7 23. Nb3 Nc7 24. Na5 Ne6 25. Nxb7 Qxb7 26. Bxc6 Qb8 27. a4 a6 28. Bxa8 Qxa8 29. b5 Ng5 30. f3 Bd7 31. Qb4 Bf8 32. Qxd4 f5 33. Qh8+ 1-0

[Event "GER-chT U20 Girls"]
[Site "Borken"]
[Date "2016.12.28"]
[Round "3.2"]
[White "Moses, Selina"]
[Black "Rosmait, Emily"]
[Result "1-0"]
[WhiteElo "1837"]
[BlackElo "1897"]
[PlyCount "73"]
[EventDate "2016.12.27"]
[EventType "team-swiss"]
[EventRounds "7"]
[EventCountry "GER"]
[SourceTitle "EXT 2018"]
[Source "ChessBase"]
[SourceDate "2017.10.13"]
[SourceVersion "1"]
[SourceVersionDate "2017.10.13"]
[SourceQuality "1"]
[WhiteTeam "Muldental Wilkau Hasslau"]
[BlackTeam "Norderstedt Harksheide"]
[WhiteTeamCountry "GER"]
[BlackTeamCountry "GER"]

1. e4 e6 2. d4 d5 3. Nd2 dxe4 4. Nxe4 Bd7 5. Nf3 Bc6 6. Bd3 Nd7 7. c3 Be7 8. 0-0 Ngf6 9. Nxf6+ Bxf6 10. Re1 b6 11. Bf4 0-0 12. Ne5 Bb7 13. Nxd7 Qxd7 14. Re3 Rad8 15. Bxh7+ Kxh7 16. Qh5+ Kg8 17. Rh3 Bh4 18. Qxh4 f6 19. Qh7+ Kf7 20. Rg3 Ke8 21. Rxg7 Rf7 22. Qh8+ Ke7 23. Rxf7+ Kxf7 24. Qh7+ Kf8 25. Bh6+ Ke8 26. Qh8+ Ke7 27. Qg7+ Kd6 28. Bf4+ Kc6 29. Qxf6 Rg8 30. Re1 Bc8 31. Qe5 Kb7 32. c4 Kb8 33. c5 Bb7 34. Bg3 Bd5 35. cxb6 axb6 36. Rc1 Rg7 37. Rxc7 1-0

[Event "GER-chT U20 Girls"]
[Site "Borken"]
[Date "2016.12.27"]
[Round "2.2"]
[White "Moses, Selina"]
[Black "Hund, Sarah"]
[Result "1-0"]
[WhiteElo "1837"]
[BlackElo "1944"]
[PlyCount "79"]
[EventDate "2016.12.27"]
[EventType "team-swiss"]
[EventRounds "7"]
[EventCountry "GER"]
[SourceTitle "EXT 2018"]
[Source "ChessBase"]
[SourceDate "2017.10.13"]
[SourceVersion "1"]
[SourceVersionDate "2017.10.13"]
[SourceQuality "1"]
[WhiteTeam "Muldental Wilkau Hasslau"]
[BlackTeam "Karlsruhe SF"]
[WhiteTeamCountry "GER"]
[BlackTeamCountry "GER"]

1. e4 e5 2. Nf3 Nc6 3. Bb5 Nge7 4. 0-0 Ng6 5. c3 d6 6. d4 Bd7 7. Nbd2 Be7 8. Re1 h6 9. Nf1 Bg5 10. Ng3 0-0 11. Bd3 Bxc1 12. Qxc1 Nf4 13. Bc2 Bg4 14. dxe5 Nh3+ 15. gxh3 Bxf3 16. exd6 Qxd6 17. Qe3 Ne5 18. Bd1 Qf6 19. Be2 h5 20. Red1 h4 21. Bxf3 hxg3 22. Bg2 gxf2+ 23. Qxf2 Qg5 24. Qg3 Qe7 25. Rd5 Ng6 26. Rg5 Rfc8 27. h4 Qf8 28. e5 Re8 29. h5 Nh8 30. Rf1 c6 31. Be4 Re6 32. Kh1 f6 33. exf6 Rxf6 34. Rg1 Rf7 35. h6 g6 36. Bxg6 Nxg6 37. Rxg6+ Kh8 38. Qe5+ Kh7 39. Rg7+ Rxg7 40. Rxg7+ 1-0

[Event "BL2 Ost 1617 (Women)"]
[Site "Germany"]
[Date "2016.10.22"]
[Round "1.1"]
[White "Cyfka, Karina"]
[Black "Moses, Selina"]
[Result "1-0"]
[WhiteElo "2414"]
[BlackElo "1839"]
[PlyCount "51"]
[EventDate "2016.10.22"]
[EventType "team-tourn"]
[EventRounds "7"]
[EventCountry "GER"]
[SourceTitle "EXT 2018"]
[Source "ChessBase"]
[SourceDate "2017.10.13"]
[SourceVersion "1"]
[SourceVersionDate "2017.10.13"]
[SourceQuality "1"]
[WhiteTeam "Leipzig Allianz (W)"]
[BlackTeam "Coswig (W)"]
[WhiteTeamCountry "GER"]
[BlackTeamCountry "GER"]

1. e4 c5 2. Nf3 d6 3. d4 cxd4 4. Qxd4 Nf6 5. Nc3 a6 6. Bg5 Nc6 7. Qd2 e6 8. Bd3 Be7 9. 0-0 0-0 10. Rad1 Qc7 11. a3 Na5 12. Qe2 b5 13. e5 dxe5 14. Nxe5 Bb7 15. Bf4 Bd6 16. Bg3 Nc6 17. Ng4 Nd5 18. Nxd5 exd5 19. Nf6+ Kh8 20. Qh5 h6 21. Nxd5 Qd8 22. Bh4 Ne7 23. Bf6 Kg8 24. Qg4 g6 25. Nxe7+ Bxe7 26. Bxg6 1-0

[Event "Forchheim op-B 15th"]
[Site "Forchheim"]
[Date "2016.10.03"]
[Round "5"]
[White "Pikal, Alexander"]
[Black "Moses, Selina"]
[Result "1/2-1/2"]
[WhiteElo "1962"]
[BlackElo "1839"]
[PlyCount "76"]
[EventDate "2016.10.01"]
[EventType "swiss"]
[EventRounds "5"]
[EventCountry "GER"]
[SourceTitle "EXT 2019"]
[Source "ChessBase"]
[SourceDate "2018.10.10"]
[SourceVersion "1"]
[SourceVersionDate "2018.10.10"]
[SourceQuality "1"]

1. f4 d5 2. Nf3 e6 3. e3 Bd6 4. d4 c5 5. c3 Nc6 6. Bd3 Qc7 7. Ne5 b6 8. Na3 a6 9. Qa4 Bb7 10. Bd2 c4 11. Be2 f5 12. Bf3 Nf6 13. Naxc4 dxc4 14. Bxc6+ Bxc6 15. Qxc6+ Qxc6 16. Nxc6 Rc8 17. Ne5 b5 18. Nf3 Ke7 19. Ke2 Rb8 20. Rhc1 Rhc8 21. a3 a5 22. Be1 Ne4 23. Bh4+ Kd7 24. Nd2 Nxd2 25. Kxd2 Kc6 26. Ke2 Kd5 27. Kf3 Rg8 28. h3 Rbf8 29. a4 b4 30. cxb4 Bxb4 31. Be1 Bxe1 32. Rxe1 Rb8 33. Re2 Rb3 34. g4 Rgb8 35. Ra2 Rd3 36. Ra1 Rbb3 37. gxf5 exf5 38. Kf2 Ke4 1/2-1/2

[Event "GER-ch U16 Girls"]
[Site "Willingen"]
[Date "2016.05.18"]
[Round "6"]
[White "Reinecke, Katharina"]
[Black "Moses, Selina"]
[Result "1/2-1/2"]
[WhiteElo "1845"]
[BlackElo "1787"]
[PlyCount "58"]
[EventDate "2016.05.15"]
[EventType "swiss"]
[EventRounds "9"]
[EventCountry "GER"]
[SourceTitle "CBM 172 Extra"]
[Source "ChessBase"]
[SourceDate "2016.06.21"]
[SourceVersion "1"]
[SourceVersionDate "2016.06.21"]
[SourceQuality "1"]

1. d4 d5 2. c4 c6 3. Nf3 Nf6 4. e3 e6 5. b3 Nbd7 6. Bb2 Bd6 7. Nbd2 b6 8. Be2 Bb7 9. 0-0 0-0 10. Rc1 Qe7 11. Ne5 Rac8 12. Rc2 c5 13. Qa1 cxd4 14. Nxd7 Nxd7 15. Bxd4 e5 16. Bb2 f5 17. Rfc1 Kh8 18. cxd5 Rxc2 19. Rxc2 Bxd5 20. Bf3 e4 21. Be2 f4 22. Nc4 Bxc4 23. Bxc4 fxe3 24. fxe3 Qg5 25. Qe1 Ne5 26. Bxe5 Qxe5 27. g3 Bc5 28. Rf2 Rxf2 29. Qxf2 Qe7 1/2-1/2

[Event "GER-ch U16 Girls"]
[Site "Willingen"]
[Date "2016.05.17"]
[Round "4"]
[White "Sanati, Charlotte"]
[Black "Moses, Selina"]
[Result "1/2-1/2"]
[WhiteElo "1919"]
[BlackElo "1787"]
[PlyCount "76"]
[EventDate "2016.05.15"]
[EventType "swiss"]
[EventRounds "9"]
[EventCountry "GER"]
[SourceTitle "CBM 172 Extra"]
[Source "ChessBase"]
[SourceDate "2016.06.21"]
[SourceVersion "1"]
[SourceVersionDate "2016.06.21"]
[SourceQuality "1"]

1. e4 c5 2. Nf3 d6 3. d4 cxd4 4. Nxd4 Nf6 5. Nc3 a6 6. Bc4 e6 7. Bb3 Nbd7 8. Bg5 Nc5 9. f4 Be7 10. Qf3 Qc7 11. 0-0 b5 12. a3 Nxb3 13. Nxb3 Bb7 14. Rae1 d5 15. Bxf6 Bxf6 16. exd5 Bxc3 17. bxc3 0-0-0 18. Qe3 Bxd5 19. a4 Bc4 20. Rf3 Rd5 21. axb5 Bxb5 22. Ra1 Rhd8 23. Nd4 Qc5 24. Qe4 g6 25. Re3 Qc4 26. h3 Kd7 27. Qf3 h5 28. Re4 Qc5 29. Kh2 Rc8 30. Re3 Ke7 31. Qg3 Qc7 32. Kg1 Kf8 33. Qh4 Qe7 34. Qf2 Qf6 35. Ra3 Qe7 36. Ra1 Qf6 37. Ra3 Qe7 38. Ra1 Qf6 1/2-1/2

[Event "GER-ch U16 Girls"]
[Site "Willingen"]
[Date "2016.05.16"]
[Round "3"]
[White "Koehler, Inken"]
[Black "Moses, Selina"]
[Result "1-0"]
[WhiteElo "1882"]
[BlackElo "1787"]
[PlyCount "85"]
[EventDate "2016.05.15"]
[EventType "swiss"]
[EventRounds "9"]
[EventCountry "GER"]
[SourceTitle "CBM 172 Extra"]
[Source "ChessBase"]
[SourceDate "2016.06.21"]
[SourceVersion "1"]
[SourceVersionDate "2016.06.21"]
[SourceQuality "1"]

1. e4 c5 2. Nf3 d6 3. Bb5+ Nd7 4. 0-0 a6 5. Bd3 Qc7 6. c3 c4 7. Bc2 Ngf6 8. Qe2 e6 9. b3 b5 10. Bb2 Bb7 11. Na3 Nb6 12. d4 cxd3 13. Bxd3 Be7 14. Rac1 0-0 15. c4 bxc4 16. Nxc4 Nxc4 17. Rxc4 Qb8 18. Rfc1 d5 19. exd5 Bxd5 20. Rh4 h6 21. Be5 Qd8 22. Ra4 Bxf3 23. Qxf3 Nd5 24. Qe4 f5 25. Qd4 Nb6 26. Rxa6 Qxd4 27. Bxd4 Rad8 28. Rxb6 Rxd4 29. Bc4 Ba3 30. Re1 Rd2 31. Rbxe6 Kh8 32. R6e2 Rfd8 33. g3 Bb4 34. Re8+ Kh7 35. Bg8+ Kh8 36. Bd5+ Rxe8 37. Rxe8+ Kh7 38. Bg8+ Kg6 39. Re6+ Kg5 40. Bf7 f4 41. Re4 f3 42. h4+ Kf6 43. Rxb4 1-0

[Event "GER-ch U16 Girls"]
[Site "Willingen"]
[Date "2016.05.15"]
[Round "2"]
[White "Moses, Selina"]
[Black "Waechter, Nathalie"]
[Result "1-0"]
[WhiteElo "1787"]
[BlackElo "1964"]
[PlyCount "57"]
[EventDate "2016.05.15"]
[EventType "swiss"]
[EventRounds "9"]
[EventCountry "GER"]
[SourceTitle "CBM 172 Extra"]
[Source "ChessBase"]
[SourceDate "2016.06.21"]
[SourceVersion "1"]
[SourceVersionDate "2016.06.21"]
[SourceQuality "1"]

1. e4 e5 2. Nf3 Nc6 3. Bb5 a6 4. Bxc6 dxc6 5. 0-0 Bg4 6. h3 h5 7. d3 Qf6 8. Nbd2 Ne7 9. Re1 Bxf3 10. Qxf3 0-0-0 11. Qg3 Ng6 12. Nc4 Qe6 13. Bd2 Be7 14. b4 Bh4 15. Qf3 Ne7 16. Ne3 Bg5 17. Bc3 Rh6 18. Nf5 Rh7 19. Nxe7+ Bxe7 20. Qf5 Qxf5 21. exf5 f6 22. f4 Bd6 23. fxe5 fxe5 24. Re4 Rf8 25. Rf1 Re8 26. Rfe1 Rf8 27. Bxe5 Bxb4 28. Rxb4 Rxf5 29. Rf4 1-0

[Event "GER-chT U20"]
[Site "Osnabrueck"]
[Date "2015.12.27"]
[Round "2.5"]
[White "Leeb, Jonas"]
[Black "Moses, Selina"]
[Result "1/2-1/2"]
[WhiteElo "1925"]
[BlackElo "1805"]
[PlyCount "87"]
[EventDate "2015.12.27"]
[EventType "team-swiss"]
[EventRounds "7"]
[EventCountry "GER"]
[SourceTitle "EXT 2017"]
[Source "ChessBase"]
[SourceDate "2016.10.25"]
[SourceVersion "1"]
[SourceVersionDate "2016.10.25"]
[SourceQuality "1"]
[WhiteTeam "Muenchen Suedost"]
[BlackTeam "Coswig"]
[WhiteTeamCountry "GER"]
[BlackTeamCountry "GER"]

1. c4 e5 2. g3 Nf6 3. Bg2 d5 4. cxd5 Nxd5 5. Nc3 Nb6 6. Nf3 Nc6 7. 0-0 Be7 8. e3 0-0 9. d4 exd4 10. Nxd4 Nxd4 11. exd4 Bf6 12. Be3 c6 13. Ne4 Be7 14. Rc1 Bf5 15. Nc5 Qc8 16. b3 Rd8 17. Qf3 Be6 18. Nxe6 Qxe6 19. Qe4 Qxe4 20. Bxe4 Bf6 21. Rfd1 Nd5 22. Bf3 Rd6 23. Rc5 Rad8 24. Kf1 Nb6 25. d5 Nxd5 26. Bxd5 cxd5 27. Rc7 d4 28. Bf4 R6d7 29. Rdc1 Kf8 30. Ke2 Ke7 31. Kd3 Rxc7 32. Rxc7+ Rd7 33. Rxd7+ Kxd7 34. Bb8 b6 35. b4 Kc6 36. Kc4 a6 37. a3 h5 38. h4 g6 39. Bf4 b5+ 40. Kd3 Kd5 41. Bc1 Bd8 42. Bb2 Bb6 43. Bc1 f6 44. Bh6 1/2-1/2

[Event "GER-chT Lands U20"]
[Site "Hannover"]
[Date "2015.10.05"]
[Round "4.5"]
[White "Hund, Sarah"]
[Black "Moses, Selina"]
[Result "1-0"]
[WhiteElo "1947"]
[BlackElo "1907"]
[PlyCount "49"]
[EventDate "2015.10.03"]
[EventType "team-swiss"]
[EventRounds "7"]
[EventCountry "GER"]
[SourceTitle "CBM 168 Extra"]
[Source "ChessBase"]
[SourceDate "2015.10.29"]
[SourceVersion "1"]
[SourceVersionDate "2015.10.29"]
[SourceQuality "1"]
[WhiteTeam "Baden (U20)"]
[BlackTeam "Sachsen (U20)"]
[WhiteTeamCountry "GER"]
[BlackTeamCountry "GER"]

1. e4 c5 2. Nc3 Nc6 3. f4 e6 4. Nf3 Nge7 5. d4 d5 6. dxc5 Qa5 7. Bd2 Qxc5 8. Bd3 a6 9. a3 g6 10. b4 Qd6 11. 0-0 Bg7 12. Rb1 0-0 13. Ne2 dxe4 14. Bxe4 Nf5 15. Rb3 Qc7 16. Qe1 Rd8 17. Kh1 Nce7 18. Bc3 Ne3 19. Bxg7 Rd1 20. Qxd1 Nxd1 21. Be5 Qb6 22. Rxd1 f5 23. Rd6 Qf2 24. Rd8+ Kf7 25. Ng5# 1-0

[Event "GER-ch U16 Girls"]
[Site "Willingen"]
[Date "2015.05.30"]
[Round "9"]
[White "Waechter, Nathalie"]
[Black "Moses, Selina"]
[Result "1/2-1/2"]
[WhiteElo "1867"]
[BlackElo "1832"]
[PlyCount "72"]
[EventDate "2015.05.24"]
[EventType "swiss"]
[EventRounds "9"]
[EventCountry "GER"]
[SourceTitle "CBM 166 Extra"]
[Source "ChessBase"]
[SourceDate "2015.06.18"]
[SourceVersion "1"]
[SourceVersionDate "2015.06.18"]
[SourceQuality "1"]

1. d4 Nf6 2. c4 g6 3. Nc3 d5 4. e3 Bg7 5. cxd5 Nxd5 6. Nxd5 Qxd5 7. Ne2 0-0 8. Nc3 Qd8 9. Be2 c5 10. dxc5 Qa5 11. 0-0 Qxc5 12. Qd5 Nd7 13. Bf3 Bxc3 14. Qxc5 Nxc5 15. bxc3 Bf5 16. Ba3 Rac8 17. Bxc5 Rxc5 18. Bxb7 Rb8 19. Bf3 Rxc3 20. Bd5 e6 21. Bf3 Bd3 22. Rfc1 Rxc1+ 23. Rxc1 Rb2 24. Ra1 Rb1+ 25. Rxb1 Bxb1 26. a3 Bd3 27. Bc6 Kf8 28. f3 Ke7 29. Kf2 e5 30. Bd5 g5 31. Ke1 f6 32. g3 Kd6 33. Bg8 h6 34. Kd2 Ba6 35. Kc3 Kc5 36. Bh7 Bb7 1/2-1/2

[Event "GER-ch U16 Girls"]
[Site "Willingen"]
[Date "2015.05.26"]
[Round "4"]
[White "Moses, Selina"]
[Black "Peters, Theresa"]
[Result "0-1"]
[WhiteElo "1832"]
[BlackElo "1719"]
[PlyCount "106"]
[EventDate "2015.05.24"]
[EventType "swiss"]
[EventRounds "9"]
[EventCountry "GER"]
[SourceTitle "CBM 166 Extra"]
[Source "ChessBase"]
[SourceDate "2015.06.18"]
[SourceVersion "1"]
[SourceVersionDate "2015.06.18"]
[SourceQuality "1"]

1. e4 c5 2. Nf3 e6 3. d4 cxd4 4. Nxd4 a6 5. Nc3 Qc7 6. g3 Nf6 7. Bg2 Nc6 8. 0-0 b5 9. e5 Ng8 10. Nxc6 dxc6 11. Be3 Ne7 12. Bc5 Nd5 13. Bxf8 Kxf8 14. Qd4 Qe7 15. Ne4 h5 16. c4 bxc4 17. Qxc4 Bd7 18. Nc5 Bc8 19. Rac1 h4 20. Nb3 Bd7 21. Qc5 Rh5 22. f4 f6 23. exf6 gxf6 24. Qxe7+ Kxe7 25. g4 Rhh8 26. h3 Rab8 27. Rf2 Rb4 28. Na5 Rxf4 29. Rxf4 Nxf4 30. Nxc6+ Kf7 31. Nd4 e5 32. Rc7 exd4 33. Rxd7+ Ke6 34. Bc6 Rb8 35. Rb7 Rxb7 36. Bxb7 d3 37. Bf3 Nxh3+ 38. Kf1 Ke5 39. Kg2 Nf4+ 40. Kf2 Kd4 41. Bd1 a5 42. Kf3 Nd5 43. Kf2 Ne3 44. Bf3 d2 45. b3 d1Q 46. Bxd1 Nxd1+ 47. Kg2 Nc3 48. a3 Nb5 49. b4 a4 50. Kh3 Nxa3 51. Kxh4 Nb5 52. Kh5 a3 53. Kg6 Ke5 0-1

[Event "GER-ch U16 Girls"]
[Site "Willingen"]
[Date "2015.05.26"]
[Round "5"]
[White "Weis, Olga"]
[Black "Moses, Selina"]
[Result "0-1"]
[WhiteElo "1820"]
[BlackElo "1832"]
[PlyCount "100"]
[EventDate "2015.05.24"]
[EventType "swiss"]
[EventRounds "9"]
[EventCountry "GER"]
[SourceTitle "CBM 166 Extra"]
[Source "ChessBase"]
[SourceDate "2015.06.18"]
[SourceVersion "1"]
[SourceVersionDate "2015.06.18"]
[SourceQuality "1"]

1. e4 c5 2. Nf3 d6 3. d4 cxd4 4. Nxd4 Nf6 5. f3 a6 6. c4 e5 7. Nc2 Be6 8. Nc3 Nc6 9. Be3 Be7 10. Qd2 Rc8 11. b3 0-0 12. 0-0-0 Ne8 13. g4 Qa5 14. Kb1 Kh8 15. h4 Nb4 16. Na4 Nc6 17. Qf2 Qd8 18. Bb6 Nc7 19. c5 d5 20. exd5 Bxd5 21. Nc3 Nd4 22. Nxd4 exd4 23. Rxd4 Bf6 24. Rxd5 Nxd5 25. Bxd8 Nxc3+ 26. Kc1 Rfxd8 27. Bc4 Bd4 28. Qc2 Be3+ 29. Kb2 Rd2 30. Qxd2 Bxd2 31. Kc2 Rd8 32. b4 Rd4 33. Bd3 Nxa2 34. Kxd2 Nxb4 35. Kc3 Rxd3+ 36. Kxb4 Rxf3 37. Rd1 Rf4+ 38. Ka5 g6 39. Rd7 Kg7 40. Rxb7 Rxg4 41. c6 Rc4 42. c7 Kh6 43. Kxa6 Kh5 44. Rb5+ f5 45. Kb7 Kxh4 46. c8Q Rxc8 47. Kxc8 f4 48. Kd7 f3 49. Ke6 f2 50. Rb1 Kg3 0-1

[Event "GER-chT U14 Girls"]
[Site "Regensburg"]
[Date "2014.12.28"]
[Round "4.1"]
[White "Moses, Selina"]
[Black "Waechter, Nathalie"]
[Result "0-1"]
[WhiteElo "1803"]
[BlackElo "1834"]
[PlyCount "56"]
[EventDate "2014.12.27"]
[EventType "team-swiss"]
[EventRounds "7"]
[EventCountry "GER"]
[SourceTitle "EXT 2016"]
[Source "ChessBase"]
[SourceDate "2015.10.08"]
[SourceVersion "1"]
[SourceVersionDate "2015.10.08"]
[SourceQuality "1"]
[WhiteTeam "Wilkau Hasslau Muldental"]
[BlackTeam "Harksheide"]
[WhiteTeamCountry "GER"]
[BlackTeamCountry "GER"]

1. e4 e5 2. Nf3 Nc6 3. Nc3 Nf6 4. d4 exd4 5. Nxd4 Bb4 6. Nxc6 bxc6 7. Bd3 h6 8. 0-0 d6 9. a3 Bxc3 10. bxc3 0-0 11. Bb2 Re8 12. Re1 Ng4 13. h3 Ne5 14. f4 Nxd3 15. cxd3 Qh4 16. Qf3 Rb8 17. Reb1 f5 18. c4 fxe4 19. dxe4 Rf8 20. f5 Ba6 21. Qc3 Rf7 22. Re1 Bxc4 23. Rab1 d5 24. exd5 cxd5 25. Re6 Ba2 26. Rg6 d4 27. Qd3 Bxb1 28. Qxb1 Qf4 0-1